[Event "DEM U14 2024"]
[Site "Willingen GER"]
[Date "2024.05.21"]
[Round "4"]
[White "Savchuk, Alexander"]
[Black "Vranckx, Oscar"]
[Result "0-1"]
[Termination "normal"]
[Board "19"]
[WhiteElo "1865"]
[BlackElo "1870"]
[WhiteClock "00:01:12"]
[BlackClock "00:49:45"]
[PlyCount "82"]
[WhiteFideId "34617434"]
[BlackFideId "34608788"]
[EventCountry "GER"]
[EventRounds "9"]
[EventType "swiss"]
[EventDate "2024.05.18"]

1. e4 {[%clk 01:30:49]} {[%emt 00:00:10]} c5 {[%clk 01:30:53]} {[%emt
00:00:08]} 2. Nf3 {[%clk 01:31:08]} {[%emt 00:00:10]} Nc6 {[%clk 01:31:06]}
{[%emt 00:00:18]} 3. Nc3 {[%clk 01:31:15]} {[%emt 00:00:22]} d6 {[%clk
01:31:00]} {[%emt 00:00:37]} 4. d4 {[%clk 01:31:35]} {[%emt 00:00:11]} cxd4
{[%clk 01:31:24]} {[%emt 00:00:06]} 5. Nxd4 {[%clk 01:32:01]} {[%emt 00:00:03]}
e5 {[%clk 01:31:32]} {[%emt 00:00:21]} 6. Nb3 {[%clk 01:29:34]} {[%emt
00:02:58]} Be6 {[%clk 01:30:02]} {[%emt 00:02:00]} 7. Be3 {[%clk 01:28:59]}
{[%emt 00:01:04]} Nf6 {[%clk 01:29:32]} {[%emt 00:01:01]} 8. f3 {[%clk
01:28:49]} {[%emt 00:00:40]} Be7 {[%clk 01:29:51]} {[%emt 00:00:11]} 9. Qd2
{[%clk 01:24:19]} {[%emt 00:05:00]} O-O {[%clk 01:27:33]} {[%emt 00:02:48]} 10.
O-O-O {[%clk 01:24:28]} {[%emt 00:00:22]} Na5 {[%clk 01:26:27]} {[%emt
00:01:36]} 11. Nxa5 {[%emt 00:05:42]} Qxa5 {[%clk 01:26:49]} {[%emt 00:00:06]}
12. Kb1 {[%clk 01:19:05]} {[%emt 00:00:41]} Kh8 {[%clk 01:27:03]} {[%emt
00:00:16]} 13. g4 {[%clk 01:16:36]} {[%emt 00:02:59]} Rfc8 {[%clk 01:25:44]}
{[%emt 00:01:50]} 14. g5 {[%clk 01:09:24]} {[%emt 00:07:42]} Nh5 {[%clk
01:23:56]} {[%emt 00:02:18]} 15. Nd5 {[%clk 01:02:42]} {[%emt 00:07:11]} Qxd2
{[%clk 01:23:00]} {[%emt 00:01:27]} 16. Rxd2 {[%clk 01:03:01]} {[%emt
00:00:11]} Bxd5 {[%clk 01:20:27]} {[%emt 00:03:03]} 17. exd5 {[%clk 01:01:00]}
{[%emt 00:02:30]} f5 {[%clk 01:19:38]} {[%emt 00:01:19]} 18. Rg1 {[%clk
00:52:21]} {[%emt 00:09:08]} Bd8 {[%clk 01:16:29]} {[%emt 00:03:41]} 19. g6
{[%clk 00:50:15]} {[%emt 00:02:36]} f4 {[%clk 01:14:12]} {[%emt 00:02:47]} 20.
Bf2 {[%clk 00:50:05]} {[%emt 00:00:39]} h6 {[%clk 01:14:29]} {[%emt 00:00:14]}
21. c4 {[%clk 00:44:54]} {[%emt 00:05:40]} Nf6 {[%clk 01:13:25]} {[%emt
00:01:34]} 22. Bd3 {[%clk 00:43:21]} {[%emt 00:02:03]} a5 {[%clk 01:10:26]}
{[%emt 00:03:29]} 23. Rc1 {[%clk 00:42:06]} {[%emt 00:01:45]} a4 {[%clk
01:08:43]} {[%emt 00:02:14]} 24. Bf5 {[%clk 00:38:07]} {[%emt 00:04:28]} Rcb8
{[%clk 01:05:41]} {[%emt 00:03:32]} 25. c5 {[%clk 00:36:05]} {[%emt 00:02:33]}
Bc7 {[%clk 01:05:17]} {[%emt 00:00:54]} 26. cxd6 {[%clk 00:32:42]} {[%emt
00:03:53]} Bxd6 {[%clk 01:04:16]} {[%emt 00:01:31]} 27. Bc5 {[%clk 00:32:05]}
{[%emt 00:01:06]} Ra6 {[%clk 00:57:10]} {[%emt 00:07:37]} 28. Be6 {[%clk
00:07:29]} {[%emt 00:25:05]} Ng8 {[%clk 00:57:17]} {[%emt 00:00:23]} 29. Bxd6
{[%clk 00:06:24]} {[%emt 00:01:36]} Rxd6 {[%clk 00:57:45]} {[%emt 00:00:02]}
30. Rc7 {[%clk 00:06:22]} {[%emt 00:00:32]} Nf6 {[%clk 00:57:22]} {[%emt
00:00:53]} 31. Rdc2 {[%clk 00:06:13]} {[%emt 00:00:38]} Rbd8 {[%clk 00:56:51]}
{[%emt 00:01:02]} 32. R2c5 {[%clk 00:01:25]} {[%emt 00:05:18]} e4 {[%clk
00:56:47]} {[%emt 00:00:34]} 33. fxe4 {[%clk 00:01:39]} {[%emt 00:00:17]} Nxe4
{[%clk 00:57:14]} {[%emt 00:00:02]} 34. Rc1 {[%clk 00:01:11]} {[%emt 00:00:58]}
f3 {[%clk 00:57:35]} {[%emt 00:00:09]} 35. Rxb7 {[%clk 00:01:03]} {[%emt
00:00:38]} f2 {[%clk 00:57:46]} {[%emt 00:00:19]} 36. Kc2 {[%clk 00:01:09]}
{[%emt 00:00:23]} Ng5 {[%clk 00:52:38]} {[%emt 00:05:39]} 37. Bf7 {[%clk
00:00:48]} {[%emt 00:00:51]} Rf6 {[%clk 00:50:40]} {[%emt 00:02:27]} 38. Rf1
{[%clk 00:00:41]} {[%emt 00:00:37]} Nf3 {[%clk 00:48:48]} {[%emt 00:02:23]} 39.
Kd3 {[%clk 00:00:32]} {[%emt 00:00:38]} Nxh2 {[%clk 00:49:08]} {[%emt
00:00:10]} 40. Ke2 {[%clk 00:00:43]} {[%emt 00:00:19]} Nxf1 {[%clk 00:49:23]}
{[%emt 00:00:15]} 41. Kxf1 {[%clk 00:01:12]} {[%emt 00:00:01]} Rc8 {[%clk
00:49:45]} {[%emt 00:00:09]} 0-1

[Event "DEM U14 2024"]
[Site "Willingen GER"]
[Date "2024.05.21"]
[Round "4"]
[White "Li, Luxuan"]
[Black "Thümler, Floris"]
[Result "1/2-1/2"]
[Termination "normal"]
[Board "20"]
[WhiteElo "1709"]
[BlackElo "1938"]
[WhiteClock "00:27:07"]
[BlackClock "00:34:40"]
[PlyCount "59"]
[WhiteFideId "34617507"]
[BlackFideId "16296435"]
[EventCountry "GER"]
[EventRounds "9"]
[EventType "swiss"]
[EventDate "2024.05.18"]

1. e4 {[%clk 01:30:57]} {[%emt 00:00:02]} e5 {[%clk 01:30:54]} {[%emt
00:00:06]} 2. Nf3 {[%clk 01:31:23]} {[%emt 00:00:04]} Nc6 {[%clk 01:31:18]}
{[%emt 00:00:06]} 3. Bc4 {[%clk 01:31:49]} {[%emt 00:00:05]} Nf6 {[%clk
01:31:42]} {[%emt 00:00:06]} 4. d4 {[%clk 01:31:40]} {[%emt 00:00:39]} exd4
{[%clk 01:31:15]} {[%emt 00:00:56]} 5. e5 {[%clk 01:31:47]} {[%emt 00:00:23]}
d5 {[%clk 01:30:53]} {[%emt 00:00:52]} 6. Bb5 {[%clk 01:31:41]} {[%emt
00:00:36]} Ne4 {[%clk 01:31:15]} {[%emt 00:00:08]} 7. Nxd4 {[%clk 01:31:38]}
{[%emt 00:00:34]} Bd7 {[%clk 01:31:36]} {[%emt 00:00:08]} 8. Bxc6 {[%clk
01:31:54]} {[%emt 00:00:14]} bxc6 {[%clk 01:31:57]} {[%emt 00:00:10]} 9. Nd2
{[%clk 01:29:57]} {[%emt 00:02:27]} Qh4 {[%clk 01:24:26]} {[%emt 00:08:01]} 10.
Qe2 {[%clk 01:23:58]} {[%emt 00:06:28]} Nxd2 {[%clk 01:24:22]} {[%emt
00:00:33]} 11. Qxd2 {[%clk 01:23:34]} {[%emt 00:00:56]} Qe4+ {[%clk 01:18:08]}
{[%emt 00:06:43]} 12. Qe3 {[%clk 01:21:49]} {[%emt 00:02:15]} Qxg2 {[%clk
01:14:13]} {[%emt 00:04:24]} 13. Qf3 {[%clk 01:21:37]} {[%emt 00:00:43]} Bh3
{[%clk 01:13:25]} {[%emt 00:01:18]} 14. Qxg2 {[%clk 01:21:03]} {[%emt
00:01:05]} Bxg2 {[%clk 01:13:03]} {[%emt 00:00:51]} 15. Rg1 {[%clk 01:21:29]}
{[%emt 00:00:04]} Be4 {[%clk 01:11:18]} {[%emt 00:02:14]} 16. c3 {[%clk
01:19:59]} {[%emt 00:02:01]} c5 {[%clk 01:09:00]} {[%emt 00:02:48]} 17. Nb3
{[%clk 01:17:27]} {[%emt 00:03:03]} Bc2 {[%clk 01:04:07]} {[%emt 00:05:22]} 18.
Be3 {[%clk 01:14:59]} {[%emt 00:02:58]} Bxb3 {[%clk 01:03:27]} {[%emt
00:01:11]} 19. axb3 {[%clk 01:15:25]} {[%emt 00:00:04]} Kd7 {[%clk 01:02:34]}
{[%emt 00:01:22]} 20. Kd2 {[%clk 01:11:42]} {[%emt 00:04:13]} a5 {[%clk
00:53:28]} {[%emt 00:09:36]} 21. Ra4 {[%clk 01:04:45]} {[%emt 00:07:27]} Kc6
{[%clk 00:47:21]} {[%emt 00:06:36]} 22. Rga1 {[%clk 01:01:54]} {[%emt
00:03:22]} Kb5 {[%clk 00:46:03]} {[%emt 00:01:47]} 23. c4+ {[%clk 00:49:37]}
{[%emt 00:12:48]} dxc4 {[%clk 00:40:16]} {[%emt 00:06:17]} 24. bxc4+ {[%clk
00:49:50]} {[%emt 00:00:17]} Kb6 {[%clk 00:39:29]} {[%emt 00:01:17]} 25. b4
{[%clk 00:42:19]} {[%emt 00:08:01]} Rd8+ {[%clk 00:39:36]} {[%emt 00:00:23]}
26. Kc2 {[%clk 00:39:43]} {[%emt 00:03:06]} axb4 {[%clk 00:39:48]} {[%emt
00:00:17]} 27. Ra6+ {[%clk 00:35:24]} {[%emt 00:04:50]} Kb7 {[%clk 00:40:02]}
{[%emt 00:00:16]} 28. Ra7+ {[%clk 00:28:05]} {[%emt 00:07:49]} Kc6 {[%clk
00:38:33]} {[%emt 00:01:59]} 29. R7a6+ {[%clk 00:27:26]} {[%emt 00:01:09]} Kb7
{[%clk 00:34:40]} {[%emt 00:04:23]} 30. Ra7+ {[%clk 00:27:07]} {[%emt
00:00:49]} 1/2-1/2

[Event "DEM U14 2024"]
[Site "Willingen GER"]
[Date "2024.05.21"]
[Round "4"]
[White "Stephanblome, Felix"]
[Black "Henn, Jakob"]
[Result "1/2-1/2"]
[Termination "normal"]
[Board "21"]
[WhiteElo "1869"]
[BlackElo "1760"]
[WhiteClock "01:03:50"]
[BlackClock "00:55:03"]
[PlyCount "43"]
[WhiteFideId "34661026"]
[BlackFideId "34675060"]
[EventCountry "GER"]
[EventRounds "9"]
[EventType "swiss"]
[EventDate "2024.05.18"]

1. d4 {[%clk 01:30:56]} {[%emt 00:00:03]} d5 {[%clk 01:30:53]} {[%emt
00:00:07]} 2. c4 {[%clk 01:31:20]} {[%emt 00:00:07]} e6 {[%clk 01:31:14]}
{[%emt 00:00:09]} 3. Nc3 {[%clk 01:31:42]} {[%emt 00:00:07]} Nf6 {[%clk
01:31:37]} {[%emt 00:00:07]} 4. cxd5 {[%clk 01:31:59]} {[%emt 00:00:13]} exd5
{[%clk 01:32:00]} {[%emt 00:00:07]} 5. Bg5 {[%clk 01:32:22]} {[%emt 00:00:08]}
c6 {[%clk 01:32:24]} {[%emt 00:00:06]} 6. Qc2 {[%clk 01:32:44]} {[%emt
00:00:07]} Be7 {[%clk 01:31:56]} {[%emt 00:00:58]} 7. e3 {[%clk 01:33:02]}
{[%emt 00:00:12]} h6 {[%clk 01:31:21]} {[%emt 00:01:04]} 8. Bh4 {[%clk
01:33:04]} {[%emt 00:00:29]} O-O {[%clk 01:31:34]} {[%emt 00:00:16]} 9. Bd3
{[%clk 01:33:06]} {[%emt 00:00:29]} Re8 {[%clk 01:31:31]} {[%emt 00:00:33]} 10.
Nf3 {[%clk 01:32:31]} {[%emt 00:01:06]} Ne4 {[%clk 01:30:29]} {[%emt 00:01:32]}
11. Bxe7 {[%clk 01:31:46]} {[%emt 00:01:15]} Qxe7 {[%clk 01:30:37]} {[%emt
00:00:23]} 12. O-O {[%clk 01:29:32]} {[%emt 00:02:43]} Bf5 {[%clk 01:27:54]}
{[%emt 00:03:12]} 13. Nd2 {[%clk 01:28:40]} {[%emt 00:01:23]} Nxd2 {[%clk
01:24:11]} {[%emt 00:04:13]} 14. Qxd2 {[%clk 01:28:48]} {[%emt 00:00:21]} Bxd3
{[%clk 01:23:39]} {[%emt 00:01:02]} 15. Qxd3 {[%clk 01:29:14]} {[%emt
00:00:05]} a5 {[%clk 01:13:48]} {[%emt 00:10:21]} 16. a3 {[%clk 01:26:04]}
{[%emt 00:03:40]} Nd7 {[%clk 01:12:29]} {[%emt 00:01:49]} 17. Na4 {[%clk
01:19:47]} {[%emt 00:06:46]} b5 {[%clk 01:02:23]} {[%emt 00:10:36]} 18. Nc3
{[%clk 01:20:09]} {[%emt 00:00:09]} a4 {[%clk 01:01:47]} {[%emt 00:01:06]} 19.
Na2 {[%clk 01:16:44]} {[%emt 00:03:55]} Nb6 {[%clk 01:00:32]} {[%emt 00:01:45]}
20. Nb4 {[%clk 01:16:19]} {[%emt 00:00:55]} Qd6 {[%clk 00:56:55]} {[%emt
00:04:08]} 21. Rfe1 {[%clk 01:03:50]} {[%emt 00:12:58]} Nc4 {[%clk 00:55:03]}
{[%emt 00:02:23]} 22. Re2 {[%emt 00:05:11]} 1/2-1/2

[Event "DEM U14 2024"]
[Site "Willingen GER"]
[Date "2024.05.21"]
[Round "4"]
[White "Martemyanov, Mikhail"]
[Black "Han, Erdem"]
[Result "1-0"]
[Termination "normal"]
[Board "22"]
[WhiteElo "1720"]
[BlackElo "1654"]
[WhiteClock "00:03:40"]
[BlackClock "00:00:56"]
[PlyCount "131"]
[WhiteFideId "34303774"]
[BlackFideId "533000646"]
[EventCountry "GER"]
[EventRounds "9"]
[EventType "swiss"]
[EventDate "2024.05.18"]

1. e4 {[%clk 01:30:56]} {[%emt 00:00:03]} c5 {[%clk 01:30:47]} {[%emt
00:00:13]} 2. Nf3 {[%clk 01:31:07]} {[%emt 00:00:18]} Nc6 {[%clk 01:30:56]}
{[%emt 00:00:22]} 3. Nc3 {[%clk 01:31:12]} {[%emt 00:00:25]} e5 {[%clk
01:28:58]} {[%emt 00:02:28]} 4. Bc4 {[%clk 01:29:32]} {[%emt 00:02:09]} Be7
{[%clk 01:26:16]} {[%emt 00:03:13]} 5. d3 {[%clk 01:28:10]} {[%emt 00:01:53]}
Nf6 {[%clk 01:25:12]} {[%emt 00:01:34]} 6. Nd2 {[%clk 01:25:13]} {[%emt
00:03:26]} d6 {[%clk 01:23:15]} {[%emt 00:02:27]} 7. Nf1 {[%clk 01:17:56]}
{[%emt 00:07:47]} Be6 {[%clk 01:20:34]} {[%emt 00:03:11]} 8. Nd5 {[%clk
01:11:15]} {[%emt 00:07:12]} Rb8 {[%clk 01:14:53]} {[%emt 00:06:11]} 9. a4
{[%clk 01:02:02]} {[%emt 00:09:43]} a6 {[%clk 01:12:02]} {[%emt 00:03:21]} 10.
Nfe3 {[%clk 00:55:21]} {[%emt 00:07:10]} b5 {[%clk 01:08:07]} {[%emt 00:04:25]}
11. axb5 {[%clk 00:51:38]} {[%emt 00:04:14]} axb5 {[%clk 01:08:24]} {[%emt
00:00:13]} 12. Bb3 {[%clk 00:48:56]} {[%emt 00:03:10]} O-O {[%clk 01:05:05]}
{[%emt 00:03:50]} 13. O-O {[%clk 00:41:57]} {[%emt 00:07:30]} Nd4 {[%clk
00:59:23]} {[%emt 00:06:11]} 14. Nxf6+ {[%clk 00:37:19]} {[%emt 00:05:08]} Bxf6
{[%clk 00:59:00]} {[%emt 00:00:53]} 15. Bd5 {[%clk 00:37:45]} {[%emt 00:00:04]}
Qb6 {[%clk 00:48:14]} {[%emt 00:11:16]} 16. c3 {[%clk 00:31:54]} {[%emt
00:06:21]} Nc6 {[%clk 00:47:20]} {[%emt 00:01:24]} 17. Qb3 {[%clk 00:31:40]}
{[%emt 00:00:43]} Rfe8 {[%clk 00:41:45]} {[%emt 00:06:06]} 18. Kh1 {[%clk
00:26:10]} {[%emt 00:06:00]} g6 {[%clk 00:27:33]} {[%emt 00:14:42]} 19. f3
{[%clk 00:21:46]} {[%emt 00:04:54]} Kg7 {[%clk 00:21:49]} {[%emt 00:06:14]} 20.
Ng4 {[%clk 00:18:42]} {[%emt 00:03:34]} Bd8 {[%clk 00:16:36]} {[%emt 00:05:43]}
21. Ne3 {[%clk 00:17:53]} {[%emt 00:01:19]} h5 {[%clk 00:13:39]} {[%emt
00:03:27]} 22. g3 {[%clk 00:14:27]} {[%emt 00:03:56]} Qb7 {[%clk 00:12:27]}
{[%emt 00:01:42]} 23. Bd2 {[%clk 00:11:56]} {[%emt 00:03:01]} Bxd5 {[%clk
00:11:55]} {[%emt 00:01:02]} 24. Qxd5 {[%clk 00:10:53]} {[%emt 00:01:33]} Bc7
{[%clk 00:10:46]} {[%emt 00:01:39]} 25. f4 {[%clk 00:09:29]} {[%emt 00:01:53]}
Ne7 {[%clk 00:10:26]} {[%emt 00:00:51]} 26. Qxb7 {[%clk 00:08:33]} {[%emt
00:01:26]} Rxb7 {[%clk 00:10:54]} 27. f5 {[%clk 00:09:01]} {[%emt 00:00:02]} f6
{[%clk 00:08:35]} {[%emt 00:02:50]} 28. fxg6 {[%clk 00:08:12]} {[%emt
00:01:19]} Kxg6 {[%clk 00:08:55]} {[%emt 00:00:10]} 29. Nf5 {[%clk 00:06:09]}
{[%emt 00:02:33]} Nxf5 {[%clk 00:08:46]} {[%emt 00:00:39]} 30. Rxf5 {[%clk
00:06:17]} {[%emt 00:00:22]} Reb8 {[%clk 00:07:13]} {[%emt 00:02:04]} 31. b3
{[%clk 00:03:25]} {[%emt 00:03:21]} Bd8 {[%clk 00:06:50]} {[%emt 00:00:53]} 32.
Kg2 {[%clk 00:03:02]} {[%emt 00:00:53]} Be7 {[%clk 00:06:29]} {[%emt 00:00:51]}
33. Kf2 {[%clk 00:02:29]} {[%emt 00:01:03]} Rc8 {[%clk 00:05:47]} {[%emt
00:01:12]} 34. Ke2 {[%clk 00:01:30]} {[%emt 00:01:28]} c4 {[%clk 00:04:48]}
{[%emt 00:01:30]} 35. b4 {[%clk 00:00:37]} {[%emt 00:01:24]} cxd3+ {[%clk
00:04:32]} {[%emt 00:00:45]} 36. Kxd3 {[%clk 00:00:42]} {[%emt 00:00:24]} Rd8
{[%clk 00:04:37]} {[%emt 00:00:25]} 37. Rf2 {[%clk 00:00:34]} {[%emt 00:00:38]}
Rdd7 {[%clk 00:03:02]} {[%emt 00:02:05]} 38. Be3 {[%clk 00:00:39]} {[%emt
00:00:26]} Rd8 {[%clk 00:01:56]} {[%emt 00:01:36]} 39. Kc2 {[%clk 00:00:35]}
{[%emt 00:00:34]} Rc8 {[%clk 00:01:36]} {[%emt 00:00:50]} 40. Kd3 {[%clk
00:00:33]} {[%emt 00:00:31]} Rd8 {[%clk 00:00:50]} {[%emt 00:01:16]} 41. Rfa2
{[%clk 00:22:07]} {[%emt 00:08:56]} f5 {[%clk 00:27:22]} {[%emt 00:03:59]} 42.
exf5+ {[%clk 00:16:14]} {[%emt 00:06:23]} Kxf5 {[%clk 00:27:27]} {[%emt
00:00:25]} 43. Rf2+ {[%clk 00:14:42]} {[%emt 00:02:02]} Ke6 {[%clk 00:26:11]}
{[%emt 00:01:45]} 44. Raf1 {[%clk 00:13:55]} {[%emt 00:01:18]} Rbb8 {[%clk
00:22:02]} {[%emt 00:04:39]} 45. h3 {[%clk 00:07:54]} {[%emt 00:06:31]} d5
{[%clk 00:18:17]} {[%emt 00:04:14]} 46. Rf5 {[%clk 00:06:04]} {[%emt 00:02:20]}
Rf8 {[%clk 00:13:04]} {[%emt 00:05:43]} 47. Rxf8 {[%clk 00:03:46]} {[%emt
00:02:49]} Rxf8 {[%clk 00:13:07]} {[%emt 00:00:26]} 48. Rg1 {[%clk 00:02:38]}
{[%emt 00:01:39]} Rg8 {[%clk 00:09:09]} {[%emt 00:04:28]} 49. g4 {[%clk
00:02:13]} {[%emt 00:00:55]} hxg4 {[%clk 00:08:13]} {[%emt 00:01:26]} 50. hxg4
{[%clk 00:02:42]} {[%emt 00:00:01]} Bg5 {[%clk 00:05:58]} {[%emt 00:02:45]} 51.
Bc5 {[%clk 00:01:12]} {[%emt 00:02:00]} Bf4 {[%clk 00:04:44]} {[%emt 00:01:44]}
52. Be3 {[%clk 00:00:31]} {[%emt 00:01:11]} Bxe3 {[%clk 00:01:45]} {[%emt
00:03:28]} 53. Kxe3 {[%clk 00:01:00]} {[%emt 00:00:02]} Rd8 {[%clk 00:01:13]}
{[%emt 00:01:02]} 54. Rd1 {[%clk 00:00:33]} {[%emt 00:00:57]} Kf6 {[%clk
00:01:11]} {[%emt 00:00:31]} 55. Rf1+ {[%clk 00:00:51]} {[%emt 00:00:12]} Ke6
{[%clk 00:00:53]} {[%emt 00:00:49]} 56. Rd1 {[%clk 00:00:43]} {[%emt 00:00:38]}
Rc8 {[%clk 00:00:53]} {[%emt 00:00:30]} 57. Kd2 {[%clk 00:00:36]} {[%emt
00:00:36]} Rc4 {[%clk 00:00:35]} {[%emt 00:00:49]} 58. Rg1 {[%clk 00:01:04]}
{[%emt 00:00:01]} Rc8 {[%clk 00:01:00]} {[%emt 00:00:05]} 59. Rh1 {[%clk
00:00:41]} {[%emt 00:00:54]} Rc4 {[%clk 00:00:37]} {[%emt 00:00:53]} 60. Rg1
{[%clk 00:00:40]} {[%emt 00:00:31]} Kf6 {[%clk 00:00:38]} {[%emt 00:00:28]} 61.
Rf1+ {[%clk 00:00:52]} {[%emt 00:00:18]} Ke6 {[%clk 00:00:34]} {[%emt
00:00:34]} 62. Rg1 {[%clk 00:00:54]} {[%emt 00:00:29]} Kf6 {[%clk 00:00:34]}
{[%emt 00:00:30]} 63. Rf1+ {[%clk 00:01:20]} {[%emt 00:00:04]} Rf4 {[%clk
00:00:37]} {[%emt 00:00:27]} 64. Rxf4+ {[%clk 00:01:14]} {[%emt 00:00:37]} exf4
{[%clk 00:00:59]} {[%emt 00:00:06]} 65. Ke2 {[%clk 00:03:40]} {[%emt 00:01:29]}
Ke5 {[%clk 00:00:56]} {[%emt 00:00:32]} 66. Kf3 {[%emt 00:01:08]} 1-0

[Event "DEM U14 2024"]
[Site "Willingen GER"]
[Date "2024.05.21"]
[Round "4"]
[White "Kaplan, Arne"]
[Black "Schöne, Finn"]
[Result "0-1"]
[Termination "normal"]
[Board "23"]
[WhiteElo "1756"]
[BlackElo "1815"]
[WhiteClock "00:22:26"]
[BlackClock "00:57:47"]
[PlyCount "37"]
[WhiteFideId "34625194"]
[BlackFideId "34623493"]
[EventCountry "GER"]
[EventRounds "9"]
[EventType "swiss"]
[EventDate "2024.05.18"]

1. e4 {[%clk 01:30:56]} {[%emt 00:00:03]} c5 {[%clk 01:30:54]} {[%emt
00:00:06]} 2. c3 {[%clk 01:31:19]} {[%emt 00:00:07]} d5 {[%clk 01:31:19]}
{[%emt 00:00:06]} 3. exd5 {[%clk 01:31:41]} {[%emt 00:00:07]} Qxd5 {[%clk
01:31:44]} {[%emt 00:00:05]} 4. d4 {[%clk 01:32:02]} {[%emt 00:00:09]} e6
{[%clk 01:32:05]} {[%emt 00:00:10]} 5. Nf3 {[%clk 01:26:37]} {[%emt 00:05:55]}
Nf6 {[%clk 01:31:34]} {[%emt 00:01:00]} 6. Be2 {[%clk 01:22:14]} {[%emt
00:04:53]} Be7 {[%clk 01:30:31]} {[%emt 00:01:33]} 7. O-O {[%clk 01:20:47]}
{[%emt 00:01:56]} O-O {[%clk 01:30:24]} {[%emt 00:00:38]} 8. Be3 {[%clk
01:09:04]} {[%emt 00:12:14]} cxd4 {[%clk 01:24:40]} {[%emt 00:06:14]} 9. Nxd4
{[%clk 01:08:02]} {[%emt 00:01:31]} Rd8 {[%clk 01:22:54]} {[%emt 00:02:16]} 10.
Qc2 {[%clk 01:05:54]} {[%emt 00:02:37]} Nc6 {[%clk 01:18:26]} {[%emt 00:04:59]}
11. Rd1 {[%clk 00:57:30]} {[%emt 00:08:53]} Nxd4 {[%clk 01:16:23]} {[%emt
00:02:34]} 12. Rxd4 {[%clk 00:56:45]} {[%emt 00:01:15]} Qc6 {[%clk 01:15:33]}
{[%emt 00:01:20]} 13. Rxd8+ {[%clk 00:52:17]} {[%emt 00:04:57]} Bxd8 {[%clk
01:15:54]} {[%emt 00:00:09]} 14. Bf3 {[%clk 00:52:35]} {[%emt 00:00:12]} Nd5
{[%clk 01:13:22]} {[%emt 00:03:03]} 15. Na3 {[%clk 00:40:18]} {[%emt 00:12:46]}
Nxe3 {[%emt 00:02:05]} 16. Qd2 {[%clk 00:24:26]} {[%emt 00:16:21]} Qb6 {[%clk
00:57:47]} {[%emt 00:14:33]} 17. fxe3 {[%clk 00:24:39]} {[%emt 00:00:16]} Bg5
{[%emt 00:01:21]} 18. Kf2 {[%clk 00:22:26]} {[%emt 00:02:41]} Bxe3+ {[%emt
00:02:18]} 19. Ke1 {[%emt 00:00:16]} 0-1